| 000 | 00873nam a2200265 i 4500 | ||
|---|---|---|---|
| 001 | bg | ||
| 003 | BPK | ||
| 005 | 20200807120607.0 | ||
| 008 | 970510s1994 pl a f f |000 0 pol | ||
| 015 | _aPB 1995/12422 | ||
| 020 | _a8386569018 | ||
| 040 |
_aWA N _cBPK |
||
| 080 | _a 004.032.26 | ||
| 080 | _a(075.8) | ||
| 100 | 1 |
_aOsowski, Stanisław _d(1948- ) _eAutor |
|
| 245 | 1 | 0 |
_aSieci neuronowe / _cStanisław Osowski. |
| 260 |
_aWarszawa : _bOficyna Wydawnicza Politechniki Warszawskiej, _c1994. |
||
| 300 |
_a241 s. : _brys., wykr. ; _c24 cm. |
||
| 504 | _aBibliogr. s. 238-241. | ||
| 655 | 4 | _aPodręczniki akademickie | |
| 650 | 4 | _aSieci neuronowe | |
| 710 | 2 |
_aPolitechnika Warszawska. _bOficyna Wydawnicza. _4pbl. |
|
| 856 |
_uhttp://koha.tu.koszalin.pl/cgi-bin/koha/opac-detail.pl?biblionumber=6952 _yKatalog online BPK |
||
| 942 |
_2UKD _cKS |
||
| 999 |
_c6952 _d6952 |
||